000 00799cam a22002774a 4500
001 13175859
005 20180815075043.0
008 030425s2004 moua b 001 0 eng
010 _a 2003051369
020 _a0323022154
035 _a(DNLM)101176669
040 _aDNLM/DLC
_cDLC
_dDLC
041 _aeng
042 _apcc
060 1 0 _aWF 26
_bC136m 2002
080 _a615.83
082 0 0 _a615.83
_221
100 1 _a3
101 _ashm
245 1 0 _aMosby's respiratory care equipment.
246 3 0 _aRespiratory care equipment
504 _aIncludes bibliographical references and index.
906 _a7
_bcbc
_corignew
_d1
_eocip
_f20
_gy-gencatlg
942 _2ddc
_cBK
999 _c47186
_d47186